| 000 | 01511nam a2200337 c 4500 | ||
|---|---|---|---|
| 003 | BLK | ||
| 005 | 20180422112311.0 | ||
| 008 | 180409b bul|||||r ||||||| ||bul|| | ||
| 010 | _aKNG00146868000 | ||
| 040 | _aBLK | ||
| 041 |
_aBUL _cBUL |
||
| 080 |
_aБългарска литература _b821.163.2 _x-93-1 _z821.163.2-93-1 |
||
| 100 | 1 |
_aКънчев, Николай Христов _eпърви автор _9378712 |
|
| 700 | 1 |
_aСтойчева, Теодора Стоянова _eхудож. _9249703 |
|
| 139 |
_aКънчев, Николай Христов _bК 96 |
||
| 245 | 1 | 0 |
_aСресване на път _bИзбрани стихотворения за деца _cНиколай Христов Кънчев; худож. Теодора Стоянова Стойчева. |
| 257 | _aBGR | ||
| 260 |
_аСофия _bНар. младеж _c1987 _fВарна : Ст. Добрев-Странджата |
||
| 300 |
_a128 с. _bс ил., 1 л.портр. _c21 см |
||
| 380 | _aDX | ||
| 490 | 1 | _aБиблиотека Дъга | |
| 490 | 1 |
_3Подсерия _aБългарски писатели за деца и юноши |
|
| 500 | _a6 000 тир. | ||
| 653 | _aлитература за деца | ||
| 653 | _aдетска литература | ||
| 852 | _aЦб 261339 | ||
| 856 | 4 |
_qpdf _u |
|
| 856 | 4 |
_qpdf _u |
|
| 942 |
_cKNG _n0 |
||
| 944 |
_aCR _c23.07.2013 _l23.07.2013 - от С1,Р / 23.07.2013 _kЛюсиена_Милчева |
||
| 944 |
_aED _c12.09.2017 _l23.07.2013 - от С1,Р / 23.07.2013 _kВася_Ганчева |
||
| 999 |
_c140799 _d140799 |
||